Química orgánica

Gorde:
Xehetasun bibliografikoak
Egile Nagusiak: Carey, Francis A (Egilea), Giuliano, Robert M (Egilea)
Formatua: Liburua
Hizkuntza:gaztelania
Argitaratua: Ciudad de México, México. McGraw-Hill, 2014
Edizioa:2a. ed
Gaiak:
Sarrera elektronikoa:Disponible Online
Etiketak: Etiketa erantsi
Etiketarik gabe, Izan zaitez lehena erregistro honi etiketa jartzen!

MARC

LEADER 00000cam a2200000 a 4500
001 UCC9502
003 CL-VaPUC
005 20230420125748.0
008 191004e20140000mx |||||||||||||||||spa|d
999 |c 375682  |d 375680 
020 |a 9786071512109 
040 |c Pontificia Universidad Católica de Valparaíso 
082 0 4 |a 547 CAR 2014  |2 21 
100 0 |a Carey, Francis A  |e author  |9 604611 
245 1 0 |a Química orgánica 
250 |a 2a. ed 
260 |a Ciudad de México, México.  |b McGraw-Hill,  |c 2014 
300 |a 1151 páginas 
500 |a De la 9a.ed en inglés 
583 |a last modification  |c 20191004 13:59:00  |k Rodrigo Vera 
650 0 |a Química orgánica  |9 345805 
650 0 |a Compuestos organometálicos  |2 CL-VaPUC  |9 360482 
650 0 |a Compuestos químicos  |2 CL-VaPUC  |9 405634 
700 0 |a Giuliano, Robert M  |e author  |9 604612 
856 |u http://bibliografiadigital.pucv.cl.pucv.idm.oclc.org/index.php/bibliotecapucv/catalog/book/852  |y Disponible Online  
942 |c BK  |2 ddc 
945 |d 20191004 13:59:00  |a cmena 
952 |0 0  |1 0  |3 erb  |4 0  |6 547_000000000000000_CAR_2014  |7 0  |8 R  |9 494691  |a BIBAGR  |b BIBAGR  |i 5562295  |l 7  |m 1  |o 547 CAR 2014  |p 5562295  |r 2025-01-20  |s 2024-10-07  |w 2019-11-24  |y BK_R  |z Catalogado en:20191004  |k AGR 
952 |0 0  |1 0  |3 erb  |4 0  |6 547_000000000000000_CAR_2014  |7 0  |8 R  |9 494692  |a BIBAGR  |b BIBAGR  |i 5562287  |l 18  |o 547 CAR 2014  |p 5562287  |r 2025-01-20  |s 2024-11-12  |w 2019-11-24  |y BK_R  |z Catalogado en:20191004  |k AGR 
952 |0 0  |1 0  |3 erb  |4 0  |6 547_000000000000000_CAR_2014  |7 0  |8 R  |9 494693  |a BIBAGR  |b BIBAGR  |i 5562732  |l 7  |o 547 CAR 2014  |p 5562732  |r 2025-01-20  |s 2024-11-15  |w 2019-11-24  |y BK_R  |z Catalogado en:20191010  |k AGR